Statistics for Asian Countries by First 2 Letters

Click here to take the quiz!

General Stats

  • This quiz has been taken 76,834 times
  • The average score is 36 of 48

Answer Stats

country % Correct
Indonesia
98%
India
98%
China
98%
Japan
90%
Mongolia
89%
Turkmenistan
89%
Iraq
89%
Saudi Arabia
89%
Iran
89%
Turkey
89%
Pakistan
86%
Kazakhstan
86%
South Korea
82%
Vietnam
82%
North Korea
82%
Yemen
82%
Oman
82%
Thailand
81%
Nepal
79%
Taiwan
79%
Tajikistan
79%
Bahrain
78%
Afghanistan
78%
Bangladesh
78%
Maldives
76%
Malaysia
76%
Laos
76%
Philippines
74%
Myanmar
74%
Cambodia
72%
Israel
71%
Uzbekistan
70%
Syria
69%
Jordan
67%
Kyrgyzstan
66%
Sri Lanka
65%
Bhutan
64%
United Arab Emirates
64%
Azerbaijan
63%
Georgia
61%
Armenia
61%
Qatar
60%
Kuwait
56%
Lebanon
55%
Singapore
46%
Cyprus
45%
Brunei
37%
East Timor
37%

Score Distribution

Percentile by Number Answered

Percent of People with Each Score

Your Score History

You have not taken this quiz